01078nam a2200241 i 450000100060000000300090000600500170001500700030003200800410003502000180007604000220009408000230011610000380013924502030017726001050038030000210048565100790050670000410058570000380062685200330066499900170069795201220071453989ES-MaACL20230906162853.0t|031120s2001 sp ||||0| spa d a84-451-1911-7 aM-BN bspa cM-BN a016:946.027"04/14"1 aFernández López, Olga.94988210aRecopilación bibliográfica para el estudio de la historia medieval de la Comunidad de Madrid / cOlga Fernández López, Carlos Manuel Vera Yagüe, Ángel Carrasco Tezanos, Grupo Transierra. a[Madrid] : bComunidad de Madrid, Dirección General de Patrimonio Histórico-Artístico,c[2001] a308 p ; c28 cm. 4aMadrid (Comunidad Autónoma)-xHistoria-yS.V-XV-vBibliografías.989991 aVera Yagüe, Carlos Manuel.91139711 aCarrasco Tezanos, Ángel.935570 aES-MaACLjL-26745 bR.132279 c53989d53989 00104070aATENEOMbATENEOMcDEPO2d2008-01-17eSCl0oL-26745p1056741r2023-02-23 00:00:00w2023-02-23yMONOGRAFIA